000 00573 a2200181 4500
000 BKB
001 071019
005 20200902150919.0
008
082 _a519.5
_bM76A
100 1 _aMontgomery, Douglas C.
245 1 _aApplied statistics and probability for engineers
_cby Douglas C. Montgomery and George C. Runger
250 _a4th ed.
260 _aNew Delhi
_bWiley India
_c2010
300 _a705p.
690 _aProbabilities; Statistics; Engineering--Statistical methods
700 _aRunger, George C.
_b
_c
999 _c4381
_d4381